| 000 | 00468nam a2200169 4500 | ||
|---|---|---|---|
| 001 | 12350 | ||
| 005 | 20230410115428.0 | ||
| 008 | 060907n2001 dr spa | ||
| 020 | _a9264195297 | ||
| 035 | _9funglode12450 | ||
| 041 | _aEN | ||
| 050 | 1 | 4 | _aHD 58.8 P976 2001 |
| 245 | 0 | _aPublic sector leadership for the 21 st century | |
| 260 |
_aParĂs : _bOrganisation for Economic Co-operation and Development, _c2001 |
||
| 300 | _a99 p. | ||
| 942 |
_2lcc _cbk |
||
| 999 |
_c40973 _d40973 |
||